Beyond The Last Village (Record no. 11145)

MARC details
000 -LEADER
fixed length control field 00661nam a2200241 a 4500
001 - CONTROL NUMBER
control field 0001-1145
003 - CONTROL NUMBER IDENTIFIER
control field ELIB.Books
008 - FIXED-LENGTH DATA ELEMENTS--GENERAL INFORMATION
fixed length control field 150505 2010 eng
020 ## - INTERNATIONAL STANDARD BOOK NUMBER
International Standard Book Number 1559637994
035 ## - SYSTEM CONTROL NUMBER
System control number (ELIB.Books)0001-1300
092 ## - LOCALLY ASSIGNED DEWEY CALL NUMBER (OCLC)
Classification number 333.95
Item number Rab
100 ## - MAIN ENTRY--PERSONAL NAME
Personal name Rabinowitz, Alan
245 ## - TITLE STATEMENT
Title Beyond The Last Village
Remainder of title A Journey of Discovery in Asia's Forbidden Wilderness
260 ## - PUBLICATION, DISTRIBUTION, ETC. (IMPRINT)
Place of publication, distribution, etc. Washington
Name of publisher, distributor, etc. Island Press
Date of publication, distribution, etc. 2001
300 ## - PHYSICAL DESCRIPTION
Extent 300
Dimensions 24 Cm
500 ## - GENERAL NOTE
General note C/o Dr. Yahalaylayla
650 ## - SUBJECT ADDED ENTRY--TOPICAL TERM
Topical term or geographic name as entry element Zoology-Burma
856 ## - ELECTRONIC LOCATION AND ACCESS
Name of location of host KBTS: Library
Uniform Resource Identifier <a href="KBTS: Elib">KBTS: Elib</a>
942 ## - ADDED ENTRY ELEMENTS (KOHA)
Source of classification or shelving scheme Dewey Decimal Classification
Koha item type Books
990 ## - EQUIVALENCES OR CROSS-REFERENCES [LOCAL, CANADA]
Link information for 9XX fields 1
998 ## - LOCAL CONTROL INFORMATION (RLIN)
Cataloger's initials, CIN (RLIN) bat
-- 2015-05-05
Holdings
Withdrawn status Lost status Source of classification or shelving scheme Damaged status Not for loan Home library Current library Date acquired Total Checkouts Barcode Date last seen Bill Date Koha item type
    Dewey Decimal Classification     Karen Baptist Theological Seminary Library Karen Baptist Theological Seminary Library 05/05/2015   15269 22/01/2022 22/01/2022 Books
Implemented & Customized by: BestBookBuddies

Powered by Koha